00365cam a22001097a 4500008004000000082002400040100003800064245007200102260003700174300000800211650003600219180718b1992 xxu||||| |||| 00| 0 eng d aL8x5452 T152/1/1992 aTamil Nadu. Department of Finance aTamil Nadu account code: general principles and methods of accounts aMadrasbFinance Departmentc1992 a4v. aAccounting - India - Tamil Nadu